00781nam a2200253Ia 4500003000400000005001700004006001800021007000300039008004100042024001000083037001100093040001800104041001300122100001900135110008000154245008700234260000900321650002400330700003200354700003000386700008000416942001200496999001900508OSt20220930084511.0a|||||r|||| 00| 0ta220926b |||||||| |||| 00| 0 eng d a84301 cTheses aCRLcCRLbeng 2engaeng aKashyap Bhavna aUniversity of Delhi. Faculty of Medical Sciences. Department of Paediatrics 0aTo validate the thermospot in identifying hypothermia in low birth weight neonates c2005 aCHILDREN - DISEASES a Dr. Ajay Kumar Gu.9532783 a Dr. S. Ramji Gu.9532675 aUniversity of Delhi. Faculty of Medical Sciences. Department of Paediatrics cDIS2CC c877303d877303